000 00672cam a22002413a 4500
001 22209
003 PGUSA
005 20140828083455.0
008 070801s2007||||xxu|||||s|||||000 | eng d
040 _aPGUSA
_beng
042 _adc
050 4 _aPT
100 1 _aHerzog, Rudolf,
_d1869-1943
245 1 0 _aSiegfried, der Held
_h[electronic resource] /
_cRudolf Herzog
260 _bProject Gutenberg,
_c2007
506 _aPublic domain in the USA.
516 _aElectronic text
653 _aSiegfried (Legendary character)
653 _aFolklore -- Germany
830 0 _aProject Gutenberg
_v22209
856 4 0 _uhttp://www.gutenberg.org/ebooks/22209
942 _cEB
999 _c251464
_d251464